The Constitution of Canada : a contextual analysis
The book introduces and describes the principal characteristics of the Canadian Constitution, including Canada's institutional structure and the principal drivers of Canadian constitutional development.
Na minha lista:
| Autor principal: | |
|---|---|
| Formato: | Livro |
| Idioma: | Undetermined |
| Publicado em: |
Oxford
Hart Publishing
2015
|
| Assuntos: | |
| Tags: |
Adicionar Tag
Sem tags, seja o primeiro a adicionar uma tag!
|
| Thư viện lưu trữ: | Trung tâm Học liệu Trường Đại học Cần Thơ |
|---|
| LEADER | 00816nam a2200229Ia 4500 | ||
|---|---|---|---|
| 001 | CTU_211647 | ||
| 008 | 210402s9999 xx 000 0 und d | ||
| 020 | |c 1771000 | ||
| 082 | |a 342.7102 | ||
| 082 | |b W371 | ||
| 100 | |a Webber, Jeremy H. A. | ||
| 245 | 4 | |a The Constitution of Canada : | |
| 245 | 2 | |b a contextual analysis | |
| 245 | 0 | |c Jeremy Webber. | |
| 260 | |a Oxford | ||
| 260 | |b Hart Publishing | ||
| 260 | |c 2015 | ||
| 520 | |a The book introduces and describes the principal characteristics of the Canadian Constitution, including Canada's institutional structure and the principal drivers of Canadian constitutional development. | ||
| 650 | |a Constitutional law,Luật hiến pháp | ||
| 650 | |z Canada,Canada | ||
| 904 | |i Bằng | ||
| 980 | |a Trung tâm Học liệu Trường Đại học Cần Thơ | ||